zpět

Detail výsledku týmu

Terasa Smíchov OPEN AIR, Praha

Datum a čas kvízu

29 Celkem bodů Celkový počet nahraných bodů na tomto kvízu bez doplňovacích otázek.
12. Pořadí na kvízu Konečné umístění týmu na tomto kvízu.

Zaznamenané odpovědi

# Otázka Odpověď Body Výsledky
1. Minulý týden bylo oznámeno, že... kněz 0
2. Policie v Nashvillu v americké... C) hrál v pornografickém filmu 0
3. Jak se jmenuje či jak si říká... Martin Mikyska / Mikýř 1
4. Americký výrobce čipů prezentu... Nvidia 1
5. Naše talentovaná 24letá reprez... plavání 1
11. Jak se nazývá specializované o... A 1
12. Jak se jmenuje ovoce na obrázk... papája 1
13. Nyní nás bude zajímat čínský a... kiwi 0
14. Vypište z následující řady dva... jackfruit, rambutan 0
15. Níže jsou názvy tří odrůd jabl... C 0